[Event "Sydney International Challengers"]
[Site "Parramatta, NSW"]
[Date "2010.04.07"]
[Round "2.14"]
[White "Mithran, Mishael"]
[Black "Damaschino, Lou"]
[Result "0-1"]
[WhiteElo "667"]
[BlackElo "1410"]
[PlyCount "96"]
[EventDate "2010.04.07"]
[EventType "swiss"]
[EventRounds "9"]
[EventCountry "AUS"]
[SourceDate "2010.04.07"]

1. e4 c6 2. d4 d5 3. exd5 cxd5 4. Nc3 Nf6 5. Nf3 Nc6 6. Bb5 a6 7. Bxc6+ bxc6 8.
Ne5 Nd7 9. Nxc6 Qc7 10. Nb4 e6 11. O-O Bxb4 12. Ne2 Bd6 13. g3 O-O 14. Qd3 Nf6
15. Bg5 Ne4 16. Bf4 a5 17. Bxd6 Qxd6 18. f3 Ba6 19. Qe3 Nf6 20. Rfe1 Rfc8 21.
c3 Rab8 22. Rab1 a4 23. Qe5 Qxe5 24. dxe5 Nd7 25. f4 Bxe2 26. Rxe2 Rxc3 27. Rd1
Rc7 28. Rd4 Rc1+ 29. Kg2 Rc4 30. Rxc4 dxc4 31. Rc2 Nb6 32. Kf3 Rd8 33. Ke2 Kf8
34. Rd2 Rd5 35. Ke3 c3 36. Rxd5 Nxd5+ 37. Kd3 cxb2 38. Kc2 a3 39. h4 Nc3 40.
Kxc3 b1=Q 41. Kd4 Qxa2 42. Kc3 Qb2+ 43. Kc4 a2 44. Kd3 a1=R 45. Ke3 Ra3+ 46.
Ke4 Qc2+ 47. Kd4 Rd3+ 48. Ke4 Qc4# 0-1

[Event "Sydney International Challengers"]
[Site "Parramatta, NSW"]
[Date "2010.04.07"]
[Round "2.15"]
[White "Pan, Andrew"]
[Black "Ross, Bill"]
[Result "1-0"]
[WhiteElo "1741"]
[BlackElo "1345"]
[PlyCount "63"]
[EventDate "2010.04.07"]
[EventType "swiss"]
[EventRounds "9"]
[EventCountry "AUS"]
[SourceDate "2010.04.07"]

1. d4 Nf6 2. c4 g6 3. Nc3 Bg7 4. e4 d6 5. Be2 O-O 6. Bg5 c5 7. d5 h6 8. Be3
Nbd7 9. Qd2 Kh7 10. f3 Ne5 11. h3 a6 12. g4 Ng8 13. f4 Nd7 14. Nf3 Qa5 15. Bd3
Rb8 16. a4 Bxc3 17. bxc3 b5 18. Kf2 b4 19. cxb4 cxb4 20. Nd4 Bb7 21. Nb3 Qc7
22. h4 Nc5 23. Nxc5 dxc5 24. h5 Nf6 25. Rag1 Kg7 26. hxg6 fxg6 27. f5 g5 28.
Bxg5 Qe5 29. Bxh6+ Kf7 30. Kf3 Rh8 31. Bf4 Nxe4 32. Bxe4 1-0

[Event "Sydney International Challengers"]
[Site "Parramatta, NSW"]
[Date "2010.04.07"]
[Round "2.16"]
[White "Canfell, Mike J"]
[Black "Weltner, Michael"]
[Result "1-0"]
[WhiteElo "1587"]
[BlackElo "1303"]
[PlyCount "49"]
[EventDate "2010.04.07"]
[EventType "swiss"]
[EventRounds "9"]
[EventCountry "AUS"]
[SourceDate "2010.04.07"]

1. e4 e5 2. Nf3 Nc6 3. Bb5 a6 4. Bxc6 dxc6 5. O-O Bg4 6. h3 Bh5 7. g4 Bg6 8.
Nxe5 Bd6 9. Nf3 h5 10. g5 f6 11. gxf6 gxf6 12. d4 Bxe4 13. Re1 f5 14. Nc3 Nf6
15. Bg5 Rg8 16. Kf1 Rxg5 17. Nxg5 Qd7 18. Ngxe4 fxe4 19. Qf3 Be7 20. Nxe4 O-O-O
21. Nxf6 Bxf6 22. Qxf6 Qxh3+ 23. Ke2 Qg4+ 24. Kd3 Kb8 25. Qxd8+ 1-0

[Event "Sydney International Challengers"]
[Site "Parramatta, NSW"]
[Date "2010.04.07"]
[Round "2.17"]
[White "Chibnall, Alana"]
[Black "Beahan, Patrick"]
[Result "0-1"]
[WhiteElo "1513"]
[BlackElo "1301"]
[PlyCount "52"]
[EventDate "2010.04.07"]
[EventType "swiss"]
[EventRounds "9"]
[EventCountry "AUS"]
[SourceDate "2010.04.07"]

1. e4 e5 2. Nf3 Nc6 3. d4 exd4 4. Nxd4 Bc5 5. Be3 Nxd4 6. Bxd4 Bxd4 7. Qxd4 Nf6
8. Nc3 d6 9. O-O-O Qe7 10. Bd3 O-O 11. f3 c6 12. g4 b5 13. h4 c5 14. Qe3 b4 15.
Ne2 a5 16. Nf4 Bb7 17. g5 Nd5 18. Nxd5 Bxd5 19. Kb1 a4 20. h5 a3 21. Qe2 Qe5
22. c4 Bc6 23. Rhg1 Ba4 24. b3 Bxb3 25. f4 Qd4 26. axb3 a2+ 0-1

[Event "Sydney International Challengers"]
[Site "Parramatta, NSW"]
[Date "2010.04.07"]
[Round "2.18"]
[White "Accola, Tom"]
[Black "Bleicher, Horst"]
[Result "0-1"]
[WhiteElo "602"]
[BlackElo "1442"]
[PlyCount "76"]
[EventDate "2010.04.07"]
[EventType "swiss"]
[EventRounds "9"]
[EventCountry "AUS"]
[SourceDate "2010.04.07"]

1. d4 Nf6 2. Nf3 e6 3. e3 c5 4. c3 Nc6 5. Bd3 cxd4 6. cxd4 d5 7. Nbd2 Bd6 8.
O-O O-O 9. a3 Bd7 10. Qe2 Rc8 11. e4 dxe4 12. Nxe4 Nxe4 13. Qxe4 f5 14. Qe2 Qc7
15. Be3 Ne7 16. Rac1 Qb8 17. Bc4 Rf6 18. Rfd1 Nd5 19. Bg5 Rg6 20. Bh4 Re8 21.
g3 Bc6 22. Ng5 h6 23. Qh5 Rxg5 24. Bxg5 hxg5 25. Qxg5 Be7 26. Qd2 Bf6 27. Bxd5
Bxd5 28. Re1 Qd6 29. Qf4 Qb6 30. b4 Be4 31. Red1 Bxd4 32. h4 e5 33. Qd2 Bf3 34.
Re1 Qg6 35. Qg5 Qxg5 36. hxg5 Kf7 37. Rc7+ Kg6 38. Rxb7 Bxb7 0-1

[Event "Sydney International Challengers"]
[Site "Parramatta, NSW"]
[Date "2010.04.07"]
[Round "2.19"]
[White "Willathgamuwa, Kevin"]
[Black "Fernandez, Michael"]
[Result "0-1"]
[WhiteElo "602"]
[BlackElo "1776"]
[PlyCount "118"]
[EventDate "2010.04.07"]
[EventType "swiss"]
[EventRounds "9"]
[EventCountry "AUS"]
[SourceDate "2010.04.07"]

1. e4 c5 2. Nf3 d6 3. d4 cxd4 4. Nxd4 Nf6 5. Nc3 g6 6. Be3 Bg7 7. Bc4 Ng4 8.
Bf4 e5 9. Bxe5 dxe5 10. Nf3 Qxd1+ 11. Rxd1 O-O 12. h3 Nf6 13. O-O Nc6 14. Bb5
Be6 15. Bxc6 bxc6 16. Nxe5 Nxe4 17. Nxe4 Bxe5 18. b3 Bf5 19. Ng3 Bxg3 20. fxg3
Bxc2 21. Rc1 Be4 22. Rfe1 Bd5 23. Re7 Rfe8 24. Rce1 Kf8 25. Rxe8+ Rxe8 26.
Rxe8+ Kxe8 27. Kf2 a5 28. g4 Kd7 29. g3 a4 30. bxa4 Bxa2 31. Ke3 Kd6 32. Kd4
Bd5 33. Kc3 Kc5 34. h4 g5 35. hxg5 Bf3 36. g6 hxg6 37. g5 Kd6 38. Kb4 c5+ 39.
Kb5 Ke5 40. Kxc5 Kf5 41. a5 Kxg5 42. a6 Kg4 43. Kb6 Kxg3 44. a7 g5 45. Kc7 g4
46. Kb8 Kf2 47. a8=Q Bxa8 48. Kxa8 g3 49. Kb7 g2 50. Kc7 g1=Q 51. Kd7 Qg6 52.
Ke7 f5 53. Kd7 f4 54. Ke7 f3 55. Kd7 Ke1 56. Ke7 f2 57. Kd7 f1=R 58. Ke7 Rf7+
59. Ke8 Qg8# 0-1

[Event "Sydney International Challengers"]
[Site "Parramatta, NSW"]
[Date "2010.04.07"]
[Round "2.20"]
[White "Greenwood, Norman"]
[Black "Bortsova, Natasha"]
[Result "0-1"]
[WhiteElo "1355"]
[BlackElo "1247"]
[PlyCount "86"]
[EventDate "2010.04.07"]
[EventType "swiss"]
[EventRounds "9"]
[EventCountry "AUS"]
[SourceDate "2010.04.07"]

1. d4 Nf6 2. Nf3 e6 3. Bg5 b6 4. Nbd2 Bb7 5. e4 Be7 6. Bd3 d5 7. e5 Nfd7 8. Be3
c5 9. c3 f6 10. exf6 Nxf6 11. h3 Nc6 12. O-O O-O 13. Rc1 c4 14. Bb1 Nd7 15. Qc2
g6 16. Rce1 Bf6 17. Bh6 Re8 18. Bf4 e5 19. dxe5 Ndxe5 20. Qd1 Qd7 21. Nxe5 Nxe5
22. Bxe5 Bxe5 23. Nxc4 Bg7 24. Ne3 Bc6 25. Bd3 Bb7 26. Bc4 Rad8 27. Bb3 Kh8 28.
Re2 d4 29. Rd2 Bh6 30. Rxd4 Qc7 31. Ng4 Bg7 32. Rxd8 Rxd8 33. Qe2 Qc6 34. f3
Re8 35. Qd3 Bc8 36. Nf2 Bf5 37. Qc4 Qd6 38. Rd1 Qg3 39. Nh1 Qg5 40. h4 Qe3+ 41.
Kh2 Be5+ 42. Ng3 Qf2 43. Qf7 Bxg3+ 0-1

[Event "Sydney International Challengers"]
[Site "Parramatta, NSW"]
[Date "2010.04.07"]
[Round "2.21"]
[White "Behar, Joshua"]
[Black "Lin, Mark"]
[Result "1-0"]
[WhiteElo "1423"]
[BlackElo "775"]
[PlyCount "77"]
[EventDate "2010.04.07"]
[EventType "swiss"]
[EventRounds "9"]
[EventCountry "AUS"]
[SourceDate "2010.04.07"]

1. e4 c5 2. Nf3 d6 3. c3 Nf6 4. Be2 Nxe4 5. Qa4+ Nc6 6. Qxe4 g6 7. Qc2 Bg7 8.
O-O Bd7 9. d3 O-O 10. Be3 b5 11. Qd2 b4 12. d4 bxc3 13. bxc3 cxd4 14. Nxd4 a6
15. Bf3 Rc8 16. Bh6 Nxd4 17. cxd4 Bb5 18. Bxg7 Kxg7 19. Re1 Qc7 20. Na3 Bc6 21.
Rac1 Qd7 22. Bxc6 Rxc6 23. Rxc6 Qxc6 24. Rxe7 Rc8 25. Re1 Qa4 26. Qb2 Qa5 27.
Re2 Rc3 28. d5 Kh6 29. Qd2+ Kg7 30. Nb1 Rc5 31. Qb2+ Kh6 32. h3 Rxd5 33. Nc3
Rd3 34. Ne4 d5 35. Nf6 d4 36. Ng4+ Kg7 37. Ne5 Rd1+ 38. Kh2 d3 39. Nc4+ 1-0

[Event "Sydney International Challengers"]
[Site "Parramatta, NSW"]
[Date "2010.04.07"]
[Round "2.23"]
[White "Hannagan, Peter"]
[Black "Christian, Kashish"]
[Result "1-0"]
[WhiteElo "1401"]
[BlackElo "654"]
[PlyCount "111"]
[EventDate "2010.04.07"]
[EventType "swiss"]
[EventRounds "9"]
[EventCountry "AUS"]
[SourceDate "2010.04.07"]

1. e4 c5 2. Nf3 e6 3. e5 Nc6 4. Bb5 Nd4 5. Nxd4 cxd4 6. O-O a6 7. Ba4 b5 8. Bb3
Bb7 9. Qg4 g6 10. d3 Bg7 11. Qxd4 d6 12. Qxd6 Ne7 13. Nc3 Nf5 14. Qxd8+ Rxd8
15. g4 Nd4 16. f4 b4 17. Ne4 O-O 18. Be3 Nxb3 19. axb3 f6 20. Nd6 Bc8 21. Bc5
Rd7 22. Bxb4 Rc7 23. Nxc8 Rfxc8 24. Rxa6 Rxc2 25. Bc3 Rb8 26. Rxe6 Kf7 27. Rc6
Rxb3 28. e6+ Ke7 29. Rc7+ Kxe6 30. Rxg7 h5 31. Re1+ Kd6 32. Rxg6 hxg4 33. Rxf6+
Kd7 34. Rg6 Rbxc3 35. bxc3 Rxc3 36. Re3 Rc1+ 37. Kf2 Rc2+ 38. Re2 Rc3 39. Ke3
Rc8 40. Rxg4 Re8+ 41. Kf3 Rc8 42. h4 Rc3 43. Re3 Rc8 44. f5 Rf8 45. Rg5 Rh8 46.
h5 Rh6 47. Kg4 Kd6 48. Rg6+ Rxg6+ 49. fxg6 Kd5 50. g7 Kd4 51. Rf3 Ke5 52. g8=Q
Kd6 53. Rf5 Ke7 54. Qg6 Kd7 55. Rf7+ Kd8 56. Qg8# 1-0

[Event "Sydney International Challengers"]
[Site "Parramatta, NSW"]
[Date "2010.04.07"]
[Round "2.24"]
[White "Tracey, Michael"]
[Black "Nakauchi, Ray"]
[Result "1-0"]
[WhiteElo "1370"]
[BlackElo "541"]
[PlyCount "93"]
[EventDate "2010.04.07"]
[EventType "swiss"]
[EventRounds "9"]
[EventCountry "AUS"]
[SourceDate "2010.04.07"]

1. b4 d5 2. Bb2 e6 3. a3 g6 4. Bxh8 Nd7 5. Bb2 Ngf6 6. e3 Bg7 7. Nf3 a6 8. Be2
b6 9. O-O Bb7 10. c4 Rc8 11. d4 Ba8 12. Nc3 c5 13. b5 cxd4 14. Nxd4 dxc4 15.
Bf3 axb5 16. Ncxb5 Bxf3 17. Qxf3 Ne5 18. Qe2 Nd5 19. Nc3 Nd3 20. Rab1 Nxb2 21.
Qxb2 Nxc3 22. Qxc3 Bxd4 23. Qxd4 Qe7 24. a4 c3 25. Rfc1 c2 26. Ra1 Rc6 27. Ra2
Rd6 28. Qh8+ Qf8 29. Qxf8+ Kxf8 30. Raxc2 Ke8 31. Rc6 Rd5 32. Rxb6 Ke7 33. Kf1
Ra5 34. Rc4 f5 35. Rb5 Ra6 36. a5 Kd7 37. Ke2 g5 38. Kd3 Rd6+ 39. Rd4 Rxd4+ 40.
Kxd4 Kd6 41. a6 e5+ 42. Kc4 h5 43. a7 g4 44. a8=Q Ke6 45. Qc6+ Ke7 46. Rb7+ Kd8
47. Qd7# 1-0

[Event "Sydney International Challengers"]
[Site "Parramatta, NSW"]
[Date "2010.04.08"]
[Round "3.1"]
[White "Weller, Tony"]
[Black "Plant, John Stuart"]
[Result "1-0"]
[WhiteElo "1708"]
[BlackElo "1700"]
[PlyCount "124"]
[EventDate "2010.04.07"]
[EventType "swiss"]
[EventRounds "9"]
[EventCountry "AUS"]
[SourceDate "2010.04.07"]

1. d4 g6 2. c4 Bg7 3. Nc3 c5 4. e3 cxd4 5. exd4 Nf6 6. Bf4 d6 7. Nf3 Bf5 8. Bd3
Bxd3 9. Qxd3 a6 10. O-O O-O 11. Rfe1 Nbd7 12. Qd2 Rc8 13. b3 Re8 14. Bh6 Qa5
15. Bxg7 Kxg7 16. Rac1 e5 17. dxe5 dxe5 18. h3 Rcd8 19. Qe3 e4 20. Nd4 Nc5 21.
Nf5+ gxf5 22. Qg5+ Kf8 23. Qxf6 Nd3 24. Nd5 Rxd5 25. cxd5 Nxe1 26. d6 Qe5 27.
Qxe5 Rxe5 28. Rc8+ Kg7 29. d7 Rd5 30. d8=Q Rxd8 31. Rxd8 Nd3 32. Rd7 Nb4 33.
Rxb7 Nxa2 34. Rb6 Nc1 35. Kf1 a5 36. Ke1 f6 37. Kd2 Nd3 38. f3 exf3 39. gxf3
Ne5 40. Ke3 Kg6 41. Ra6 f4+ 42. Ke4 Nf7 43. Rxa5 f5+ 44. Kxf4 Ng5 45. h4 Ne6+
46. Ke5 Nc7 47. b4 Ne8 48. b5 Kf7 49. b6 Ke7 50. b7 Nf6 51. Kxf5 Nd7 52. Ra7
Kd8 53. b8=Q+ Nxb8 54. Rxh7 Nc6 55. h5 Ke8 56. f4 Kf8 57. Rd7 Ke8 58. Ke6 Kf8
59. h6 Kg8 60. f5 Na5 61. f6 Nb3 62. f7+ Kh7 1-0

[Event "Sydney International Challengers"]
[Site "Parramatta, NSW"]
[Date "2010.04.08"]
[Round "3.2"]
[White "Koh, Cedric"]
[Black "Ali, Mosaddeque"]
[Result "0-1"]
[WhiteElo "1461"]
[BlackElo "1690"]
[PlyCount "68"]
[EventDate "2010.04.07"]
[EventType "swiss"]
[EventRounds "9"]
[EventCountry "AUS"]
[SourceDate "2010.04.07"]

1. d4 f5 2. Bf4 Nf6 3. Nf3 g6 4. e3 Bg7 5. Bc4 e6 6. Nbd2 d6 7. c3 Qe7 8. Qb3
c6 9. Qa3 d5 10. Bd6 Qd8 11. Bd3 Ne4 12. Bxe4 fxe4 13. Ne5 Bf8 14. Bxf8 Rxf8
15. c4 Nd7 16. Nxd7 Bxd7 17. b3 Kf7 18. O-O Kg8 19. f3 Qg5 20. b4 e5 21. Rf2
exd4 22. exd4 e3 23. Re2 exd2 24. Rd1 dxc4 25. Rdxd2 Bf5 26. Qc3 b5 27. Re5
Rae8 28. Rde2 Rxe5 29. Rxe5 Qf4 30. Re7 Bd3 31. a3 Qd6 32. Rxa7 Qd5 33. Re7 Rd8
34. Kh1 Qxd4 0-1

[Event "Sydney International Challengers"]
[Site "Parramatta, NSW"]
[Date "2010.04.08"]
[Round "3.3"]
[White "Stahnke, Alexander"]
[Black "Wan, Kinto"]
[Result "1-0"]
[WhiteElo "1800"]
[BlackElo "1538"]
[PlyCount "55"]
[EventDate "2010.04.07"]
[EventType "swiss"]
[EventRounds "9"]
[EventCountry "AUS"]
[SourceDate "2010.04.07"]

1. b3 e5 2. Bb2 d6 3. e3 Nf6 4. c4 Nc6 5. d4 exd4 6. exd4 d5 7. a3 Be6 8. Nf3
g6 9. Nbd2 Bg7 10. Bd3 O-O 11. Bc2 Ne8 12. O-O Nd6 13. Ne5 Nxe5 14. dxe5 dxc4
15. Qe2 cxb3 16. Bxb3 Bxb3 17. Nxb3 Qe7 18. Rae1 Nf5 19. f4 h5 20. Rf3 b6 21.
Nd4 Nxd4 22. Bxd4 Rfd8 23. Bf2 Rd7 24. f5 Bh6 25. fxg6 fxg6 26. Qe4 Rf8 27.
Qxg6+ Qg7 28. Qe6+ 1-0

[Event "Sydney International Challengers"]
[Site "Parramatta, NSW"]
[Date "2010.04.08"]
[Round "3.4"]
[White "Dickson, Ian"]
[Black "Koh, Clarise"]
[Result "1-0"]
[WhiteElo "1537"]
[BlackElo "1298"]
[PlyCount "67"]
[EventDate "2010.04.07"]
[EventType "swiss"]
[EventRounds "9"]
[EventCountry "AUS"]
[SourceDate "2010.04.07"]

1. e4 c5 2. Nf3 a6 3. d4 cxd4 4. Nxd4 e5 5. Nf5 d5 6. Ng3 Nf6 7. exd5 Nxd5 8.
Bc4 Be6 9. O-O Nc6 10. b3 b5 11. Bd3 Bc5 12. Bb2 Qe7 13. c4 bxc4 14. Bxc4 Rd8
15. Qc1 a5 16. Bb5 Bd7 17. Ne4 Bd4 18. Bxc6 Bxb2 19. Bxd7+ Qxd7 20. Qxb2 f6 21.
Nbc3 Nf4 22. Rad1 Qe7 23. Rxd8+ Qxd8 24. Rd1 Qe7 25. Qd2 O-O 26. Qd6 Qb7 27. f3
Rc8 28. Nd5 Ne2+ 29. Kf1 Nd4 30. Ne7+ Kh8 31. Nxc8 Qxc8 32. Qc5 Qa6+ 33. Qc4
Qa8 34. Rc1 1-0

[Event "Sydney International Challengers"]
[Site "Parramatta, NSW"]
[Date "2010.04.08"]
[Round "3.5"]
[White "Zhou, Thomas"]
[Black "Wan, Dennis"]
[Result "0-1"]
[WhiteElo "1271"]
[BlackElo "1537"]
[PlyCount "60"]
[EventDate "2010.04.07"]
[EventType "swiss"]
[EventRounds "9"]
[EventCountry "AUS"]
[SourceDate "2010.04.07"]

1. e4 d6 2. d4 Nf6 3. Nc3 g6 4. Bf4 Nbd7 5. Nf3 Nh5 6. Bg3 Bh6 7. Be2 O-O 8. e5
dxe5 9. Nxe5 Ndf6 10. h3 Nxg3 11. fxg3 c6 12. g4 Nd5 13. Nxd5 cxd5 14. h4 f6
15. Nd3 Qd6 16. Bf3 e5 17. dxe5 fxe5 18. Nf2 e4 19. Bxe4 Qb4+ 20. c3 Qxb2 21.
Bxd5+ Kh8 22. Ne4 Qxg2 23. Qd4+ Bg7 24. Qg1 Qxg4 25. Qxg4 Bxg4 26. Bxb7 {
White offered a draw.} Rab8 27. Bd5 Rb2 28. Nd2 Bxc3 29. Rh2 Re8+ 30. Kf1 Bxd2
0-1

[Event "Sydney International Challengers"]
[Site "Parramatta, NSW"]
[Date "2010.04.08"]
[Round "3.6"]
[White "Eustace, Sophie"]
[Black "Chen, Vincent"]
[Result "1/2-1/2"]
[WhiteElo "1451"]
[BlackElo "1439"]
[PlyCount "81"]
[EventDate "2010.04.07"]
[EventType "swiss"]
[EventRounds "9"]
[EventCountry "AUS"]
[SourceDate "2010.04.07"]

1. e4 c5 2. Nf3 e6 3. d4 cxd4 4. Nxd4 Nf6 5. Nc3 Nc6 6. a3 d5 7. Bb5 Bd7 8.
exd5 Nxd5 9. Nxd5 exd5 10. O-O Be7 11. Nf3 a6 12. Ba4 Be6 13. Ne5 Rc8 14. Qe2
b5 15. Nxc6 Rxc6 16. Bb3 O-O 17. Bf4 Bf6 18. Be5 d4 19. Bxf6 Qxf6 20. Bxe6 fxe6
21. Rfe1 Qf5 22. Rac1 Rfc8 23. Qd2 e5 24. c3 Qf4 25. Qd3 Rf6 26. Qg3 Qd2 27.
Rcd1 Qxb2 28. cxd4 exd4 29. Re7 Rf7 30. Rxf7 Kxf7 31. Qf3+ Kg8 32. Qd5+ Kh8 33.
Qd7 Qc1 34. Qxd4 h6 35. Qd8+ Rxd8 36. Rxc1 Rd3 37. Ra1 Rd4 38. Kf1 Ra4 39. Ke2
b4 40. Rb1 bxa3 41. Ra1 1/2-1/2

[Event "Sydney International Challengers"]
[Site "Parramatta, NSW"]
[Date "2010.04.08"]
[Round "3.7"]
[White "Canfell, Mike J"]
[Black "Chau, Bernard"]
[Result "0-1"]
[WhiteElo "1587"]
[BlackElo "1439"]
[PlyCount "116"]
[EventDate "2010.04.07"]
[EventType "swiss"]
[EventRounds "9"]
[EventCountry "AUS"]
[SourceDate "2010.04.07"]

1. e4 e6 2. d4 d5 3. Nd2 Nf6 4. e5 Nfd7 5. Bd3 c5 6. c3 Nc6 7. Ne2 a6 8. O-O b5
9. a3 Qb6 10. Nf3 a5 11. Be3 c4 12. Bc2 a4 13. Ng3 g6 14. Qd2 Bb7 15. Bg5 h6
16. Bf6 Nxf6 17. exf6 Bd6 18. Rae1 Qd8 19. Ne5 Qxf6 20. f4 O-O-O 21. Ne2 Rdf8
22. Rf3 Qe7 23. Ng3 Nxe5 24. fxe5 Bc7 25. Ref1 Bc6 26. Qf2 Rhg8 27. Rxf7 Rxf7
28. Qxf7 Qxf7 29. Rxf7 Be8 30. Re7 Bd7 31. Ne2 Bd8 32. Rf7 Be8 33. Rf1 Kd7 34.
g3 g5 35. g4 h5 36. h3 Rh8 37. Kg2 Ke7 38. gxh5 Rxh5 39. Rf6 Bf7 40. Ng3 Rh4
41. Rf2 g4 42. hxg4 Rxg4 43. Kf3 Rg7 44. Rg2 Kf8 45. Rh2 Bg5 46. Ne2 Bg8 47.
Rg2 Rf7+ 48. Kg3 Be3 49. Rh2 Rf1 50. Rh3 Kg7 51. Rh4 Rf7 52. Rg4+ Kf8 53. Bd1
Rf1 54. Bc2 Ra1 55. Kf3 Bd2 56. Kf2 Ra2 57. Rg1 Rxb2 58. Bg6 Bxc3 0-1

[Event "Sydney International Challengers"]
[Site "Parramatta, NSW"]
[Date "2010.04.08"]
[Round "3.8"]
[White "Stahnke, Axel"]
[Black "Pan, Andrew"]
[Result "0-1"]
[WhiteElo "1412"]
[BlackElo "1741"]
[PlyCount "74"]
[EventDate "2010.04.07"]
[EventType "swiss"]
[EventRounds "9"]
[EventCountry "AUS"]
[SourceDate "2010.04.07"]

1. d4 d5 2. e3 Nf6 3. Nd2 Bf5 4. Ne2 e6 5. Ng3 Bg6 6. c4 c6 7. Be2 Bd6 8. O-O
Nbd7 9. b3 O-O 10. Bb2 Qe7 11. Nf3 Ne4 12. Ne5 Nxg3 13. Nxg6 Nxe2+ 14. Qxe2
hxg6 15. e4 dxe4 16. Qxe4 Qg5 17. f4 Qf5 18. Qf3 Nf6 19. h3 g5 20. fxg5 Qxg5
21. g4 Qh4 22. Rae1 Qg3+ 23. Qxg3 Bxg3 24. Re3 Bd6 25. Ref3 Be7 26. Kg2 Rad8
27. h4 Nxg4 28. d5 Bf6 29. Ba3 Rfe8 30. d6 Nh6 31. c5 Nf5 32. Kh3 g6 33. Kg4
Kg7 34. Rh1 Rh8 35. Bc1 Rh5 36. Rd3 Rdh8 37. Bd2 Rxh4+ 0-1

[Event "Sydney International Challengers"]
[Site "Parramatta, NSW"]
[Date "2010.04.08"]
[Round "3.9"]
[White "Bleicher, Horst"]
[Black "Behar, Joshua"]
[Result "0-1"]
[WhiteElo "1442"]
[BlackElo "1423"]
[PlyCount "102"]
[EventDate "2010.04.07"]
[EventType "swiss"]
[EventRounds "9"]
[EventCountry "AUS"]
[SourceDate "2010.04.07"]

1. e4 d5 2. exd5 Qxd5 3. Nc3 Qa5 4. d4 Nf6 5. Bd3 c6 6. Nf3 Bg4 7. O-O Nbd7 8.
Bf4 e6 9. h3 Bh5 10. Ne4 Nd5 11. Nd6+ Bxd6 12. Bxd6 Qb6 13. Ba3 Bxf3 14. Qxf3
Qxd4 15. Rad1 Qf6 16. Qg3 O-O-O 17. Be4 N7b6 18. Qb3 Qf4 19. Bf3 Qc4 20. Bxd5
exd5 21. Qg3 Qe4 22. Bc5 Qg6 23. Qa3 Kb8 24. Rd3 Rhe8 25. Be3 Re4 26. b3 Rde8
27. Qc5 Qe6 28. a4 f5 29. a5 Nc8 30. Qc3 g6 31. Qd2 Ka8 32. c3 Kb8 33. Re1 Ka8
34. Rd1 Qe7 35. Rd4 Qc7 {Black offered a draw.} 36. b4 Qf7 37. g3 Nd6 38. Rxe4
Rxe4 39. Bd4 Nc4 40. Qg5 Re8 41. Qc1 Qe6 42. Qc2 f4 43. g4 f3 44. Qc1 Qe2 45.
Kh2 Re4 46. Kg3 Re8 47. Rg1 Nd2 48. Kh4 h6 49. Be3 Rxe3 50. fxe3 Qf2+ 51. Rg3
Nf1 0-1

[Event "Sydney International Challengers"]
[Site "Parramatta, NSW"]
[Date "2010.04.08"]
[Round "3.10"]
[White "Fernandez, Michael"]
[Black "Hannagan, Peter"]
[Result "1-0"]
[WhiteElo "1358"]
[BlackElo "1401"]
[PlyCount "103"]
[EventDate "2010.04.07"]
[EventType "swiss"]
[EventRounds "9"]
[EventCountry "AUS"]
[SourceDate "2010.04.07"]

1. e4 e5 2. f4 exf4 3. Nf3 d5 4. exd5 Qxd5 5. d4 Bd6 6. c4 Qe4+ 7. Be2 h6 8.
O-O g5 9. Re1 Be7 10. c5 Bg4 11. Bb5+ Qc6 12. Bxc6+ Nxc6 13. h3 Bh5 14. d5
O-O-O 15. dxc6 Rxd1 16. cxb7+ Kxb7 17. Rxd1 Bxc5+ 18. Kh1 Nf6 19. b3 Ne4 20.
Re1 Re8 21. Bd2 f5 22. Nc3 Bxf3 23. gxf3 Ng3+ 24. Kg2 Rd8 25. Rad1 a6 26. Na4
Bd6 27. Bb4 Bxb4 28. Rxd8 Bxe1 29. Rh8 h5 30. Nc5+ Kc6 31. Nxa6 Kb6 32. Rh6+
Kb7 33. Nc5+ Ka7 34. Rg6 g4 35. hxg4 fxg4 36. fxg4 hxg4 37. Rxg4 Bd2 38. Ne6
Ne2 39. Kf3 Nc1 40. Nxf4 Kb7 41. Rg2 Bxf4 42. Kxf4 Nd3+ 43. Ke3 Nc5 44. Kd4
Ne6+ 45. Kc4 c6 46. Re2 Nc7 47. Re7 Kb6 48. Rxc7 Kxc7 49. Kc5 Kb7 50. b4 Kc7
51. a4 Kb7 52. a5 1-0

[Event "Sydney International Challengers"]
[Site "Parramatta, NSW"]
[Date "2010.04.08"]
[Round "3.11"]
[White "Dale, Ari"]
[Black "Simmonds, Leteisha"]
[Result "1-0"]
[WhiteElo "1388"]
[BlackElo "1424"]
[PlyCount "121"]
[EventDate "2010.04.07"]
[EventType "swiss"]
[EventRounds "9"]
[EventCountry "AUS"]
[SourceDate "2010.04.07"]

1. d4 e6 2. c4 Bb4+ 3. Bd2 Qe7 4. Nf3 Nf6 5. a3 Bxd2+ 6. Qxd2 d6 7. Nc3 Nc6 8.
e3 e5 9. d5 Na5 10. Qc2 b6 11. b4 Nb7 12. Be2 O-O 13. h3 Bd7 14. O-O Ne8 15.
Nd2 f5 16. f4 Nf6 17. Rae1 g6 18. Kh1 c6 19. Qb3 c5 20. e4 Nxe4 21. Ndxe4 fxe4
22. Nxe4 Rxf4 23. Rxf4 exf4 24. Qf3 Qe5 25. g3 Re8 26. Bd3 g5 27. Qh5 Re7 28.
Qh6 Qg7 29. Nf6+ Kh8 30. Rxe7 Qxe7 31. Be4 Bf5 32. Kg1 Bxe4 33. Nxe4 fxg3 34.
Qe6 Qxe6 35. dxe6 Kg7 36. Kg2 h6 37. Kxg3 Kf8 38. Kg4 Ke7 39. Kf5 Nd8 40. Nf6
Nxe6 41. Ng8+ Kd7 42. Nf6+ Ke7 43. Ng8+ Kf7 44. Nxh6+ Kg7 45. Kxe6 Kxh6 46.
Kxd6 Kh5 47. bxc5 bxc5 48. Kxc5 Kh4 49. Kb5 Kxh3 50. c5 g4 51. c6 g3 52. c7 g2
53. c8=Q+ Kh2 54. Qc7+ Kh1 55. Qh7+ Kg1 56. Qxa7+ Kf1 57. a4 g1=Q 58. Qxg1+
Kxg1 59. a5 Kf2 60. a6 Ke3 61. a7 1-0

[Event "Sydney International Challengers"]
[Site "Parramatta, NSW"]
[Date "2010.04.08"]
[Round "3.12"]
[White "Mithran, Mirakla"]
[Black "Tracey, Michael"]
[Result "1-0"]
[WhiteElo "1239"]
[BlackElo "1370"]
[PlyCount "115"]
[EventDate "2010.04.07"]
[EventType "swiss"]
[EventRounds "9"]
[EventCountry "AUS"]
[SourceDate "2010.04.07"]

1. e4 c5 2. Nc3 Nc6 3. Bb5 d6 4. Bxc6+ bxc6 5. f4 g6 6. d3 Bg7 7. Bd2 Nf6 8.
Nf3 O-O 9. O-O Bg4 10. Qe1 e6 11. Qg3 Bxf3 12. Qxf3 Nd7 13. f5 Ne5 14. Qg3 Kh8
15. Qh3 Qe7 16. Bh6 f6 17. Bxg7+ Qxg7 18. fxe6 Rae8 19. Rad1 Qe7 20. d4 cxd4
21. Rxd4 Qxe6 22. Qxe6 Rxe6 23. Rfd1 Rd8 24. Ra4 Rd7 25. Ne2 g5 26. Nd4 Re8 27.
Rf1 Kg7 28. Ra6 Rc8 29. Rd1 Kg6 30. Nf5 d5 31. Ng3 Rcd8 32. exd5 cxd5 33. Rf1
Rf8 34. Re1 Kf7 35. Rf1 Kg6 36. Nf5 h5 37. h4 g4 38. Ng3 Rff7 39. Rf5 Kg7 40.
Nxh5+ Kf8 41. Rfxf6 Rxf6 42. Nxf6 Rb7 43. b3 Rc7 44. Nxd5 Rxc2 45. Nf4 g3 46.
Kf1 Ng4 47. Ke1 Ne3 48. Rf6+ Kg7 49. Rg6+ Kf7 50. Rxg3 Nf5 51. Rh3 Rxa2 52. h5
Ra6 53. Ne2 Rb6 54. Rf3 Ke6 55. g4 Nd6 56. h6 Ne4 57. h7 Ra6 58. h8=Q 1-0

[Event "Sydney International Challengers"]
[Site "Parramatta, NSW"]
[Date "2010.04.08"]
[Round "3.13"]
[White "Beahan, Patrick"]
[Black "Jones, Peter"]
[Result "1-0"]
[WhiteElo "1301"]
[BlackElo "1834"]
[PlyCount "57"]
[EventDate "2010.04.07"]
[EventType "swiss"]
[EventRounds "9"]
[EventCountry "AUS"]
[SourceDate "2010.04.07"]

1. e4 Nc6 2. Nf3 e5 3. Bb5 a6 4. Ba4 Nf6 5. O-O Nxe4 6. d4 exd4 7. Re1 d5 8.
Nxd4 Qd6 9. f3 b5 10. Bb3 Nxd4 11. Qxd4 c5 12. Qxd5 Qxd5 13. Bxd5 Ra7 14. Rxe4+
Be7 15. Bg5 f6 16. Bf4 Bb7 17. Bxb7 Rxb7 18. Bd6 Kf7 19. Bxe7 Rxe7 20. Rxe7+
Kxe7 21. Nc3 Rd8 22. Re1+ Kf7 23. Ne4 Rd5 24. a3 Re5 25. Nd6+ Ke6 26. Ne4 f5
27. Nxc5+ Kd5 28. Rxe5+ Kxe5 29. Nxa6 1-0